[Event "Martorell op 36th"]
[Site "Martorell"]
[Date "2018.11.10"]
[Round "8"]
[White "Riera Montano, Ramon"]
[Black "Hernando Rodrigo, Julio Antonio"]
[Result "0-1"]
[WhiteElo "2075"]
[BlackElo "2284"]
[PlyCount "80"]
[EventDate "2018.09.15"]
[EventType "swiss"]
[EventRounds "9"]
[EventCountry "ESP"]
[SourceTitle "CBM 189 Extra"]
[Source "ChessBase"]
[SourceDate "2019.06.03"]
[SourceVersion "1"]
[SourceVersionDate "2019.06.03"]
[SourceQuality "1"]

1. d4 Nf6 2. Nf3 g6 3. g3 Bg7 4. Bg2 0-0 5. 0-0 d6 6. b3 Nc6 7. Bb2 e5 8. dxe5 Nd7 9. c4 dxe5 10. e4 Re8 11. Nc3 Nd4 12. Nxd4 exd4 13. Nd5 c6 14. Nf4 Nc5 15. Re1 a5 16. Nd3 Nxd3 17. Qxd3 c5 18. f4 Bd7 19. e5 Bf5 20. Be4 Qd7 21. Bxf5 Qxf5 22. Qxf5 gxf5 23. Ba3 Bf8 24. Rab1 Re6 25. Re2 h5 26. Bc1 a4 27. Kf2 axb3 28. Rxb3 b6 29. Ra3 Rxa3 30. Bxa3 Re8 31. Bc1 Ra8 32. Rc2 Ra4 33. Ke2 b5 34. Kd3 bxc4+ 35. Rxc4 Rxa2 36. Rc2 Rxc2 37. Kxc2 c4 38. Bb2 d3+ 39. Kd1 Bb4 40. Bd4 c3 0-1

[Event "Vilafranca del Penedes op 12th"]
[Site "Vilafranca del Penedes"]
[Date "2018.04.13"]
[Round "2"]
[White "Riera Montano, Ramon"]
[Black "Garcia Lopez, Josep Luis"]
[Result "1-0"]
[WhiteElo "2084"]
[BlackElo "1836"]
[PlyCount "69"]
[EventDate "2018.04.06"]
[EventType "swiss"]
[EventRounds "8"]
[EventCountry "ESP"]
[SourceTitle "CBM 184 Extra"]
[Source "ChessBase"]
[SourceDate "2018.06.28"]
[SourceVersion "1"]
[SourceVersionDate "2018.06.28"]
[SourceQuality "1"]

1. d4 Nf6 2. c4 c5 3. d5 d6 4. Nc3 g6 5. Nf3 Bg7 6. g3 0-0 7. Bg2 Nbd7 8. h3 a6 9. a4 Rb8 10. 0-0 b6 11. Re1 Ne8 12. e4 Nc7 13. Qe2 Bb7 14. Nh2 e6 15. Be3 exd5 16. exd5 b5 17. axb5 axb5 18. cxb5 Nb6 19. Rad1 Qd7 20. Qd3 c4 21. Qd2 Bxc3 22. bxc3 Nbxd5 23. Bh6 Rfc8 24. Ng4 f5 25. Bxd5+ Nxd5 26. Qxd5+ Bxd5 27. Nf6+ Kf7 28. Nxd7 Rxb5 29. Nb6 Rxb6 30. Rxd5 Rcc6 31. Be3 Rb3 32. Bd4 Rb2 33. Ra5 Rc7 34. Ra8 Rd7 35. Rh8 1-0

[Event "Barcelona Ateneu Colon op 5th"]
[Site "Barcelona"]
[Date "2010.04.20"]
[Round "2"]
[White "Garcia Gil, Javier"]
[Black "Riera Montano, Ramon"]
[Result "1/2-1/2"]
[WhiteElo "2193"]
[BlackElo "1950"]
[PlyCount "109"]
[EventDate "2010.04.13"]
[EventType "swiss"]
[EventRounds "9"]
[EventCountry "ESP"]
[SourceTitle "EXT 2011"]
[Source "ChessBase"]
[SourceDate "2010.11.26"]
[SourceVersion "1"]
[SourceVersionDate "2010.11.26"]
[SourceQuality "1"]

1. d4 Nf6 2. c4 e6 3. g3 d5 4. Bg2 c6 5. b3 Nbd7 6. Nf3 b6 7. 0-0 Bd6 8. Nc3 Ba6 9. Nd2 Bb4 10. Qc2 Rc8 11. e4 c5 12. exd5 cxd4 13. dxe6 fxe6 14. Nce4 0-0 15. Bh3 Ne5 16. Ng5 Bb7 17. Qd1 Qd6 18. f3 Rce8 19. Bg2 Bc3 20. Rb1 h6 21. Nh3 Nd3 22. Ne4 Nxe4 23. Qxd3 Nc5 24. Qg6 Qd7 25. Nf4 Rf6 26. Qc2 e5 27. Nh5 Rf7 28. Bxh6 gxh6 29. Qg6+ Kf8 30. Nf6 Qc6 31. Qxh6+ Ke7 32. Nd5+ Kd8 33. Qh5 Rg7 34. Bh3 Qg6 35. Qxg6 Rxg6 36. Nxc3 dxc3 37. Rbd1+ Kc7 38. Rc1 Ne6 39. Rxc3 Nf4 40. Bf5 Rxg3+ 41. hxg3 Ne2+ 42. Kf2 Nxc3 43. Rc1 Nxa2 44. Ra1 Nb4 45. Rxa7 Nc6 46. Bd7 Nxa7 47. Bxe8 Kd6 48. g4 Nc6 49. Bxc6 Bxc6 50. b4 Ba4 51. Ke3 Bc2 52. f4 exf4+ 53. Kxf4 Bb3 54. c5+ bxc5 55. bxc5+ 1/2-1/2

[Event "Manresa op"]
[Site "Manresa"]
[Date "2004.08.21"]
[Round "1"]
[White "Riera Montano, Ramon"]
[Black "Almeida Quintana, Omar"]
[Result "0-1"]
[WhiteElo "1970"]
[BlackElo "2447"]
[PlyCount "106"]
[EventDate "2004.08.21"]
[EventType "swiss"]
[EventRounds "9"]
[EventCountry "ESP"]
[SourceTitle "CBM 102 Extra"]
[Source "ChessBase"]
[SourceDate "2004.11.03"]
[SourceVersion "1"]
[SourceVersionDate "2004.11.03"]
[SourceQuality "1"]

1. e4 Nf6 2. e5 Nd5 3. c4 Nb6 4. d4 d6 5. f4 dxe5 6. fxe5 Nc6 7. Be3 Bf5 8. Nc3 e6 9. Nf3 Bg4 10. Qd2 Na5 11. c5 Nac4 12. Bxc4 Nxc4 13. Qd3 Nxe3 14. Qxe3 Be7 15. 0-0 0-0 16. Rad1 b6 17. b4 a5 18. a3 axb4 19. axb4 Ra3 20. Ra1 Qa8 21. Rxa3 Qxa3 22. Nd5 Qxe3+ 23. Nxe3 Bh5 24. Ra1 Rb8 25. Ra7 Bd8 26. cxb6 cxb6 27. Nc4 b5 28. Ncd2 Bg6 29. Kf2 Kf8 30. Nb3 Bb6 31. Rd7 Ke8 32. Rd6 Bc7 33. Ra6 Be4 34. Nc5 Bd5 35. Ng5 Ra8 36. Rxa8+ Bxa8 37. Nxh7 Bd8 38. g3 Bd5 39. h4 f6 40. h5 Kf7 41. Nd7 Be7 42. h6 Be4 43. exf6 gxf6 44. Nhxf6 Bxf6 45. Ke3 Bc2 46. Nxf6 Kxf6 47. Kf4 Kg6 48. g4 Kxh6 49. Ke5 Bb3 50. Kf6 Kh7 51. g5 Bc4 52. g6+ Kh6 53. g7 Kh7 0-1